[Event "25th European Teams"]
[Site "Batumi GEO"]
[Date "2025.10.10"]
[Round "6.14"]
[Board "1"]
[White "Wojtaszek, Radoslaw"]
[Black "Seo, Jung Min"]
[Result "1-0"]
[WhiteTitle "GM"]
[BlackTitle "IM"]
[WhiteElo "2654"]
[BlackElo "2483"]
[WhiteTeam "Poland"]
[BlackTeam "Sweden"]
[WhiteFideId "1118358"]
[BlackFideId "1734687"]
[EventDate "2025.10.05"]

1. Nf3 Nf6 2. g3 b6 3. d4 e6 4. Bg2 Bb7 5. c4 Bb4+ 6. Bd2 Bxd2+ 7. Qxd2 O-O 8.
O-O d6 9. Qd3 Nbd7 10. Nc3 d5 11. cxd5 Nxd5 12. Rfd1 Nxc3 13. Qxc3 Rc8 14. b4
Qe7 15. Rac1 Rfe8 16. Qb2 Bd5 17. Ne1 Bxg2 18. Nxg2 c6 19. Rc2 e5 20. Ne3 exd4
21. Qxd4 Nf6 22. Qd6 Qe6 23. Qxe6 Rxe6 24. Rd3 g6 25. f3 Kf8 26. Kf2 Ke7 27. g4
Rd6 28. g5 Nd7 29. Nd5+ Ke6 30. Re3+ Ne5 31. Nf6 Kf5 32. Ne4 Rd4 33. h4 Ke6 34.
Kg3 c5 35. bxc5 bxc5 36. Nxc5+ Kd5 37. Rec3 Rc7 38. Ne4 Rxc3 39. Rxc3 Ra4 40.
Rc8 Ra3 41. Nc3+ Ke6 42. Nb5 Ra5 43. Re8+ Kd5 44. e4+ 1-0

[Event "25th European Teams"]
[Site "Batumi GEO"]
[Date "2025.10.10"]
[Round "6.14"]
[Board "2"]
[White "Blomqvist, Erik"]
[Black "Gumularz, Szymon"]
[Result "1/2-1/2"]
[WhiteTitle "GM"]
[BlackTitle "GM"]
[WhiteElo "2478"]
[BlackElo "2592"]
[WhiteTeam "Sweden"]
[BlackTeam "Poland"]
[WhiteFideId "1709437"]
[BlackFideId "1188062"]
[EventDate "2025.10.05"]

1. e4 c5 2. Nf3 d6 3. d4 cxd4 4. Nxd4 Nf6 5. Nc3 a6 6. a4 e6 7. Be2 Be7 8. O-O
O-O 9. Be3 e5 10. Nb3 Be6 11. Qd2 Nbd7 12. Rfd1 Rc8 13. f3 Nb6 14. a5 Nc4 15.
Bxc4 Rxc4 16. Nc1 Qc8 17. N1e2 Rd8 18. Bb6 Rd7 19. Qe1 d5 20. exd5 Nxd5 21. Nxd5
Rxd5 22. Rxd5 Bxd5 23. Nc3 Be6 24. Qxe5 Bf6 25. Qg3 Bh4 26. Qd6 h6 27. Rd1 Bf5
28. Qd2 Kh7 29. h3 Bg5 30. Be3 Bxe3+ 31. Qxe3 Bxc2 32. Rd6 Qc5 1/2-1/2

[Event "25th European Teams"]
[Site "Batumi GEO"]
[Date "2025.10.10"]
[Round "6.14"]
[Board "3"]
[White "Teclaf, Pawel"]
[Black "Trost, Edvin"]
[Result "1-0"]
[WhiteTitle "GM"]
[BlackTitle "IM"]
[WhiteElo "2563"]
[BlackElo "2457"]
[WhiteTeam "Poland"]
[BlackTeam "Sweden"]
[WhiteFideId "1185934"]
[BlackFideId "1729519"]
[EventDate "2025.10.05"]

1. e4 e5 2. Nf3 Nc6 3. Bb5 a6 4. Ba4 d6 5. O-O Bg4 6. c3 Qf6 7. d3 Bxf3 8. Qxf3
Qxf3 9. gxf3 Ne7 10. f4 exf4 11. Bxf4 g5 12. Be3 f5 13. exf5 Nxf5 14. Nd2 O-O-O
15. d4 Bh6 16. Rae1 Rhf8 17. Ne4 Nce7 18. Bb3 d5 19. Nc5 Rd6 20. Bd1 g4 21. Bxh6
Rxh6 22. Re5 Rg6 23. Rfe1 b6 24. Nxa6 Nc6 25. Rxd5 Nh4 26. b4 Nf3+ 27. Bxf3
gxf3+ 28. Kh1 Rg2 29. b5 Nb8 30. Nxb8 Kxb8 31. Rf1 Rf4 32. Rh5 Re4 33. h3 Re2
34. Rxh7 Rxa2 35. Rf7 Raxf2 36. Rxf2 Rxf2 37. h4 Rb2 38. Rxf3 Rxb5 39. Rh3 Rh5
40. Kg2 Kc8 41. Kf3 Kd7 42. Kg4 Rh8 43. h5 Ke7 44. h6 Kf7 45. h7 Kg7 46. Kg5 c5
47. dxc5 bxc5 48. c4 Kf7 49. Kh6 Rb8 50. Rf3+ Ke6 51. Kg7 Rb7+ 52. Kg8 Rb8+ 53.
Rf8 1-0

[Event "25th European Teams"]
[Site "Batumi GEO"]
[Date "2025.10.10"]
[Round "6.14"]
[Board "4"]
[White "Pantzar, Milton"]
[Black "Kosakowski, Jakub"]
[Result "0-1"]
[WhiteTitle "IM"]
[BlackTitle "GM"]
[WhiteElo "2433"]
[BlackElo "2550"]
[WhiteTeam "Sweden"]
[BlackTeam "Poland"]
[WhiteFideId "1721003"]
[BlackFideId "1185080"]
[EventDate "2025.10.05"]

1. d4 Nf6 2. c4 e6 3. Nf3 d5 4. g3 Bd6 5. Bg2 O-O 6. O-O Nc6 7. b3 dxc4 8. bxc4
e5 9. c5 Be7 10. Nxe5 Nxd4 11. c6 Nxc6 12. Nxc6 bxc6 13. Nc3 Be6 14. Bxc6 Rb8
15. Be3 Qc8 16. Qa4 Rb4 17. Qxa7 Rc4 18. Bb7 Qb8 19. Rac1 Ba3 20. Qxa3 Qxb7 21.
Rfd1 h6 22. f3 Ra8 23. Qe7 Kh7 24. Rd4 Rxc3 25. Rxc3 Nd5 26. Rxd5 Qxd5 27. a3
Rb8 28. Kf2 Rb2 29. Rc1 Qb5 30. Re1 c6 31. Qc5 Bc4 32. Qxb5 cxb5 33. g4 Ra2 34.
Bc5 g5 35. Bb4 Kg6 36. Bc5 h5 37. gxh5+ Kxh5 38. Bd6 Kg6 39. Be7 f6 40. Bb4 f5
41. Bd6 f4 42. h4 gxh4 43. Bxf4 Rxa3 44. Bd2 Ra2 45. Rg1+ Kf7 46. Ke3 h3 47. Rg4
Be6 48. Rh4 Ra1 49. Kf4 Ra4+ 50. e4 b4 51. Kg3 b3 52. Bc3 Ra2 53. f4 Rg2+ 54.
Kf3 Bg4+ 55. Ke3 h2 56. Kd4 b2 57. Bxb2 Rxb2 0-1

[Event "25th European Teams"]
[Site "Batumi GEO"]
[Date "2025.10.10"]
[Round "6.15"]
[Board "1"]
[White "Dardha, Daniel"]
[Black "Alekseenko, Kirill"]
[Result "0-1"]
[WhiteTitle "GM"]
[BlackTitle "GM"]
[WhiteElo "2605"]
[BlackElo "2679"]
[WhiteTeam "Belgium"]
[BlackTeam "Austria"]
[WhiteFideId "240990"]
[BlackFideId "4135539"]
[EventDate "2025.10.05"]

1. d4 d5 2. c4 e6 3. Nf3 Nf6 4. g3 Bb4+ 5. Nbd2 dxc4 6. a3 Bxd2+ 7. Bxd2 a6 8.
Bg2 b5 9. Nh4 Ra7 10. a4 Bb7 11. axb5 Bxg2 12. Nxg2 Qd5 13. O-O Qxb5 14. Qa4 Rb7
15. Bc3 Rb6 16. Ne3 Rc6 17. Qc2 O-O 18. Ra5 Qb3 19. Qxb3 cxb3 20. d5 Nxd5 21.
Nxd5 exd5 22. Rxd5 f6 23. Ra1 Re8 24. e3 Rb6 25. Ba5 Rb7 26. Rc1 c6 27. Rd3 Re5
28. Be1 Kf7 29. Rcd1 Ke6 30. Rd6+ Ke7 31. Kf1 Rc5 32. R6d3 Rc2 33. Bc3 c5 34.
Ra1 Rd7 35. Rxd7+ Nxd7 36. Ra3 c4 37. Ra4 Nb6 38. Rxa6 Nd5 39. Ra7+ Kd6 40. Ra6+
Kd7 0-1

[Event "25th European Teams"]
[Site "Batumi GEO"]
[Date "2025.10.10"]
[Round "6.15"]
[Board "2"]
[White "Horvath, Dominik"]
[Black "Maerevoet, Sim"]
[Result "0-1"]
[WhiteTitle "GM"]
[BlackTitle "IM"]
[WhiteElo "2558"]
[BlackElo "2426"]
[WhiteTeam "Austria"]
[BlackTeam "Belgium"]
[WhiteFideId "1642561"]
[BlackFideId "241725"]
[EventDate "2025.10.05"]

1. e4 c5 2. Nf3 Nc6 3. Bb5 e6 4. Bxc6 bxc6 5. b3 Ne7 6. Bb2 d6 7. e5 Nf5 8. d3
f6 9. exd6 e5 10. Nfd2 Bxd6 11. Nc4 Be7 12. O-O O-O 13. f4 exf4 14. Rxf4 Nd4 15.
Nbd2 f5 16. Rf1 Bf6 17. c3 Nb5 18. Qc2 Be6 19. Rae1 Re8 20. a4 Nc7 21. Ba3 Na6
22. d4 Bxc4 23. Nxc4 cxd4 24. Qxf5 Qd5 25. Rxe8+ Rxe8 26. Nd6 Qxf5 27. Rxf5 Re1+
28. Rf1 Re3 29. Rc1 dxc3 30. Kf2 Rd3 31. Ne4 Bd4+ 32. Kf1 c5 33. Re1 c2 34. Ng5
Rd1 35. Ke2 Rxe1+ 0-1

[Event "25th European Teams"]
[Site "Batumi GEO"]
[Date "2025.10.10"]
[Round "6.15"]
[Board "3"]
[White "Lenaerts, Lennert"]
[Black "Dragnev, Valentin"]
[Result "0-1"]
[WhiteTitle "FM"]
[BlackTitle "GM"]
[WhiteElo "2355"]
[BlackElo "2539"]
[WhiteTeam "Belgium"]
[BlackTeam "Austria"]
[WhiteFideId "211435"]
[BlackFideId "1634852"]
[EventDate "2025.10.05"]

1. e4 c5 2. Nf3 d6 3. d4 cxd4 4. Nxd4 Nf6 5. Nc3 a6 6. g3 e6 7. Bg2 Be7 8. O-O
Qc7 9. a4 O-O 10. Qd2 Bd7 11. b3 Nc6 12. Bb2 Rac8 13. Rac1 Rfd8 14. Nce2 e5 15.
Nxc6 bxc6 16. c4 a5 17. Bc3 Ra8 18. Kh1 Qb6 19. Rb1 Be6 20. Qb2 Nd7 21. f4 f6
22. Qc2 Nc5 23. Nc1 exf4 24. gxf4 d5 25. exd5 cxd5 26. Rd1 Ne4 27. Bd4 Qc6 28.
Nd3 Bf5 29. Qe2 Qe6 30. Qe3 dxc4 31. bxc4 Rac8 32. Bb6 Rd7 33. Bxa5 Rxc4 34. Rb6
Qd5 35. Rb8+ Bf8 36. Rb5 Bc5 37. Qe2 Qe6 38. Nxc5 Ng3+ 39. hxg3 Qxe2 40. Rb8+
Kf7 41. Rxd7+ Bxd7 42. Bd5+ Kg6 43. Bxc4 Bc6+ 44. Kg1 Qg2# 0-1

[Event "25th European Teams"]
[Site "Batumi GEO"]
[Date "2025.10.10"]
[Round "6.15"]
[Board "4"]
[White "Ragger, Markus"]
[Black "De Waele, Warre"]
[Result "1-0"]
[WhiteTitle "GM"]
[BlackTitle "FM"]
[WhiteElo "2567"]
[BlackElo "2326"]
[WhiteTeam "Austria"]
[BlackTeam "Belgium"]
[WhiteFideId "1610856"]
[BlackFideId "241156"]
[EventDate "2025.10.05"]

1. e4 e5 2. Nf3 Nc6 3. Bb5 a6 4. Ba4 Nf6 5. O-O Be7 6. Bxc6 dxc6 7. d3 Bd6 8.
Nbd2 Be6 9. Nb3 a5 10. Qe1 b6 11. Qc3 Nd7 12. Qxc6 O-O 13. d4 Bg4 14. dxe5 Nxe5
15. Nxe5 Bxe5 16. a4 Re8 17. Qc4 Be6 18. Qe2 Qf6 19. f4 Bd4+ 20. Kh1 Bxb2 21. e5
Bxb3 22. Bxb2 Bd5 23. Rad1 Qc6 24. Rd4 f5 25. Rfd1 Be6 26. R1d3 b5 27. h3 b4 28.
c3 Qxa4 29. Qd2 Rab8 30. cxb4 axb4 31. Qc1 Qa5 32. Rd7 c5 33. R3d6 Bxd7 34. Rxd7
Re6 35. Qc4 Qa6 36. Qxc5 Qc6 37. Qa7 1-0

[Event "25th European Teams"]
[Site "Batumi GEO"]
[Date "2025.10.10"]
[Round "6.16"]
[Board "1"]
[White "Rodshtein, Maxim"]
[Black "Sousa, Andre Ventura"]
[Result "0-1"]
[WhiteTitle "GM"]
[BlackTitle "IM"]
[WhiteElo "2647"]
[BlackElo "2433"]
[WhiteTeam "Israel"]
[BlackTeam "Portugal"]
[WhiteFideId "2806851"]
[BlackFideId "1917617"]
[EventDate "2025.10.05"]

1. c4 e5 2. Nc3 Bb4 3. Nd5 a5 4. a3 Be7 5. Nf3 d6 6. g3 Nf6 7. Nc3 O-O 8. Bg2 c6
9. O-O Re8 10. Qc2 Bf8 11. Rd1 h6 12. d4 e4 13. Nd2 d5 14. Nf1 Na6 15. Bf4 Nh5
16. Bd2 Nc7 17. Rac1 Bd6 18. Ne3 Nf6 19. Na4 Ne6 20. Be1 Rb8 21. b4 b5 22. cxb5
cxb5 23. Nc5 a4 24. Qa2 Nc7 25. Rc3 Bf8 26. f4 h5 27. h3 Qd6 28. Bf2 g6 29. Bf1
Na8 30. Qd2 Nb6 31. Qe1 Bh6 32. Bg2 Ra8 33. Qf1 Ra7 34. h4 Rae7 35. Bh3 Bxh3 36.
Qxh3 Nc4 37. Kf1 Nxe3+ 38. Bxe3 Ng4 39. Ke1 Bg7 40. Kd2 Qf6 41. Qf1 Nh6 42. Kc2
Qf5 43. Kb1 Qg4 44. Bf2 e3 45. Be1 Nf5 46. Rcd3 Nxg3 47. Bxg3 Qxg3 48. f5 Qf2
49. fxg6 fxg6 50. Qh1 Qxe2 51. Re1 Qg4 52. Qxd5+ Kh7 53. Qg5 e2 54. Kc2 Rf7 55.
Qxg4 hxg4 56. Rd2 g3 0-1

[Event "25th European Teams"]
[Site "Batumi GEO"]
[Date "2025.10.10"]
[Round "6.16"]
[Board "2"]
[White "Martins, Bruno Andre Leite"]
[Black "Gorshtein, Ido"]
[Result "0-1"]
[WhiteTitle "FM"]
[BlackTitle "GM"]
[WhiteElo "2363"]
[BlackElo "2537"]
[WhiteTeam "Portugal"]
[BlackTeam "Israel"]
[WhiteFideId "1942255"]
[BlackFideId "2815532"]
[EventDate "2025.10.05"]

1. e4 c6 2. Nf3 d5 3. d3 dxe4 4. dxe4 Qxd1+ 5. Kxd1 Nf6 6. Nbd2 g6 7. Ne5 Bg7 8.
Nd3 O-O 9. f3 Rd8 10. a4 Na6 11. c3 Be6 12. Kc2 Bh6 13. Nb3 Bxb3+ 14. Kxb3 Bxc1
15. Rxc1 Nd7 16. Kc2 Nac5 17. Nxc5 Nxc5 18. a5 b5 19. axb6 axb6 20. Be2 Kf8 21.
Ra1 e6 22. b4 Nd7 23. Rhd1 Ke7 24. h4 h6 25. Kb3 g5 26. hxg5 hxg5 27. Rxa8 Rxa8
28. Rh1 Ne5 29. Kb2 c5 30. bxc5 bxc5 31. g3 Kf6 32. Rh6+ Kg7 33. Rh5 Kg6 34. Rh1
Kf6 35. Rh6+ Ng6 36. Kb3 Ra1 37. Kc4 Rc1 38. Kxc5 Rxc3+ 39. Kd4 Ra3 40. e5+ Kg7
41. Rh5 g4 42. fxg4 Rxg3 43. Rh1 Ra3 44. Bd1 Ra5 45. Ke4 Rxe5+ 46. Kf3 Ra5 47.
Rf1 Ra1 48. Kg3 Ne5 49. Re1 Ra3+ 50. Kg2 Ng6 51. Rf1 f6 52. Kh2 Rc3 53. Re1 Nf4
54. Re4 e5 55. Rb4 Rd3 56. Rb7+ Kh6 57. Bb3 Kg5 58. Rg7+ Kh4 59. Ba4 Rd2+ 60.
Kg1 Ra2 61. Bd1 Kg3 62. Rd7 Rf2 63. Rh7 Rd2 64. Ba4 Ra2 65. Bd1 Ra1 66. Rd7 e4 0-1

[Event "25th European Teams"]
[Site "Batumi GEO"]
[Date "2025.10.10"]
[Round "6.16"]
[Board "3"]
[White "Sokolovsky, Yahli"]
[Black "Martins, David Pires Tavares"]
[Result "0-1"]
[WhiteTitle "GM"]
[BlackTitle "IM"]
[WhiteElo "2539"]
[BlackElo "2430"]
[WhiteTeam "Israel"]
[BlackTeam "Portugal"]
[WhiteFideId "2820242"]
[BlackFideId "1909991"]
[EventDate "2025.10.05"]

1. e4 e6 2. d4 d5 3. Nc3 Nf6 4. e5 Nfd7 5. f4 c5 6. Nf3 Nc6 7. Be3 cxd4 8. Nxd4
Qb6 9. Qd2 Qxb2 10. Rb1 Qa3 11. Bb5 Nxd4 12. Bxd4 a6 13. Bxd7+ Bxd7 14. Rb3 Qe7
15. Rxb7 Qd8 16. Bb6 Qc8 17. Rc7 Qd8 18. Qd4 Rc8 19. Rc6 Rxc6 20. Bxd8 Bc5 21.
Qd1 Kxd8 22. Na4 Ba7 23. Qd2 Ke8 24. Qb4 Rxc2 25. Nb6 Bb5 26. Qd6 Bxb6 27. Qxb6
Kd7 28. a4 Bd3 29. Qd6+ Kc8 30. Qa3 Bc4 31. Kd1 Ra2 32. Qc3 Kd7 33. Qb4 Rc8 34.
Re1 a5 35. Qd6+ Ke8 36. Re3 d4 37. Ra3 Rxg2 38. Rg3 Ra2 39. Ra3 Rxh2 40. f5 Be2+
41. Ke1 Bf3 42. Ra1 Rd8 43. Qc5 d3 44. Qb5+ Kf8 45. Qc5+ Kg8 46. Rd1 d2+ 47.
Rxd2 Rhxd2 0-1

[Event "25th European Teams"]
[Site "Batumi GEO"]
[Date "2025.10.10"]
[Round "6.16"]
[Board "4"]
[White "Ribeiro, Gustavo"]
[Black "Boruchovsky, Avital"]
[Result "0-1"]
[WhiteTitle "FM"]
[BlackTitle "GM"]
[WhiteElo "2245"]
[BlackElo "2509"]
[WhiteTeam "Portugal"]
[BlackTeam "Israel"]
[WhiteFideId "1941852"]
[BlackFideId "2800055"]
[EventDate "2025.10.05"]

1. e4 c5 2. Nf3 d6 3. Bb5+ Nc6 4. O-O Bd7 5. Re1 a6 6. Bf1 e5 7. c3 Be7 8. d4
cxd4 9. cxd4 Bg4 10. dxe5 dxe5 11. Nbd2 Nf6 12. h3 Bh5 13. Qb3 O-O 14. Nc4 Bxf3
15. Qxf3 b5 16. Ne3 Nd4 17. Qg3 Nxe4 18. Qxe5 Re8 19. Nf5 Bf6 20. Qf4 Qd5 21.
Nxd4 Bxd4 22. Re2 Nxf2 23. Be3 Rxe3 24. Rxe3 Nd1 0-1

[Event "25th European Teams"]
[Site "Batumi GEO"]
[Date "2025.10.10"]
[Round "6.17"]
[Board "1"]
[White "Stefansson, Vignir Vatnar"]
[Black "Sipila, Vilka"]
[Result "1/2-1/2"]
[WhiteTitle "GM"]
[BlackTitle "IM"]
[WhiteElo "2506"]
[BlackElo "2487"]
[WhiteTeam "Iceland"]
[BlackTeam "Finland"]
[WhiteFideId "2308649"]
[BlackFideId "505455"]
[EventDate "2025.10.05"]

1. d4 Nf6 2. c4 e6 3. g3 d5 4. Bg2 dxc4 5. Nf3 Bb4+ 6. Bd2 a5 7. O-O O-O 8. Qc2
Bxd2 9. Nbxd2 b5 10. a4 c6 11. b3 cxb3 12. Nxb3 Ba6 13. Nc5 bxa4 14. Nxa6 Rxa6
15. Rfc1 Nbd7 16. Qxa4 Qc7 17. Ne1 Nd5 18. Nd3 Rb8 19. e4 Ne7 20. d5 Qd6 21. e5
Nxe5 22. Nxe5 Qxe5 23. dxc6 Ra7 24. Rab1 g6 25. Rxb8+ Qxb8 26. Qd4 a4 27. Qc5
Qc7 28. Rd1 Qa5 29. Qa3 Qb6 30. h4 Nd5 31. Bxd5 exd5 32. Rxd5 Ra8 33. Rc5 Qb3
34. Qa1 a3 35. c7 Rc8 36. Qd4 a2 37. Ra5 Qb1+ 38. Kh2 Qc2 39. Qd8+ Kg7 40. Qd4+
Kg8 41. h5 Qxc7 42. h6 f5 43. Ra7 Rd8 44. Qe3 Qd6 45. Rxa2 f4 46. gxf4 g5 47.
Ra7 Qxh6+ 1/2-1/2

[Event "25th European Teams"]
[Site "Batumi GEO"]
[Date "2025.10.10"]
[Round "6.17"]
[Board "2"]
[White "Sklyarov, Dmitry V."]
[Black "Kjartansson, Gudmundur"]
[Result "1/2-1/2"]
[WhiteTitle "IM"]
[BlackTitle "GM"]
[WhiteElo "2428"]
[BlackElo "2422"]
[WhiteTeam "Finland"]
[BlackTeam "Iceland"]
[WhiteFideId "4157052"]
[BlackFideId "2301318"]
[EventDate "2025.10.05"]

1. Nf3 Nf6 2. d4 d5 3. Bf4 e6 4. e3 Bd6 5. Bg3 O-O 6. Nbd2 c5 7. c3 Qc7 8. Bd3
Nbd7 9. O-O e5 10. e4 exd4 11. cxd4 Bxg3 12. hxg3 dxe4 13. Nxe4 Qb6 14. dxc5
Nxc5 15. Nxc5 Qxc5 16. Rc1 Qb6 17. Qb3 Qxb3 18. axb3 Be6 19. Bc4 Bd5 20. Bxd5
Nxd5 21. Rfd1 Rfd8 22. Rd4 Nf6 23. Rc7 Rxd4 24. Nxd4 Rb8 25. Nb5 Ne8 26. Rd7 Nf6
27. Rc7 Ne8 28. Rc4 a6 29. Nc7 Kf8 30. Nxe8 Rxe8 31. Kf1 f6 32. g4 Kf7 33. f3
Re3 34. Rb4 b5 35. Kf2 Re6 36. Rd4 Ke7 37. b4 Rc6 38. Ke3 Rc2 39. Rd2 Rc4 40.
Rd4 Rc2 41. Rd2 Rc1 42. Kd3 Kd6 43. b3 Ke5 44. Ra2 Rb1 45. Kc3 Rg1 46. Rxa6 Rxg2
47. Rb6 Rg3 48. Rxb5+ Ke6 49. Rb6+ Kd5 50. Rb5+ Ke6 51. Rb6+ Kd5 52. Rb5+ 1/2-1/2

[Event "25th European Teams"]
[Site "Batumi GEO"]
[Date "2025.10.10"]
[Round "6.17"]
[Board "3"]
[White "Stefansson, Hannes"]
[Black "Sammalvuo, Tapani"]
[Result "1-0"]
[WhiteTitle "GM"]
[BlackTitle "IM"]
[WhiteElo "2408"]
[BlackElo "2376"]
[WhiteTeam "Iceland"]
[BlackTeam "Finland"]
[WhiteFideId "2300087"]
[BlackFideId "501115"]
[EventDate "2025.10.05"]

1. e4 e5 2. Nf3 Nf6 3. Nxe5 d6 4. Nf3 Nxe4 5. Bd3 Nf6 6. O-O Be7 7. Re1 O-O 8.
Bf1 d5 9. d4 c5 10. Bg5 h6 11. Bh4 Nc6 12. dxc5 Bxc5 13. Nc3 g5 14. Bg3 d4 15.
Nb1 Nh5 16. Nbd2 Bg4 17. h3 Be6 18. Bh2 Nf6 19. Ne5 Rc8 20. a3 a6 21. Bd3 Re8
22. Ndf3 Ne7 23. Qd2 Nf5 24. Nxg5 hxg5 25. Bxf5 Bxf5 26. Qxg5+ Bg6 27. Nxg6 fxg6
28. Qxg6+ Kf8 29. Bf4 Ng8 30. Qf5+ Nf6 31. b4 Be7 32. Re5 Rc6 33. Rae1 Qc8 34.
Bh6+ Kf7 35. Qg5 Bf8 36. Rxe8 Bxh6 37. R1e7# 1-0

[Event "25th European Teams"]
[Site "Batumi GEO"]
[Date "2025.10.10"]
[Round "6.17"]
[Board "4"]
[White "Wartiovaara, Oliver"]
[Black "Domalchuk-Jonasson, Aleksandr"]
[Result "1-0"]
[WhiteTitle "FM"]
[BlackTitle "IM"]
[WhiteElo "2309"]
[BlackElo "2373"]
[WhiteTeam "Finland"]
[BlackTeam "Iceland"]
[WhiteFideId "513024"]
[BlackFideId "14142805"]
[EventDate "2025.10.05"]

1. d4 Nf6 2. c4 e6 3. Nc3 d5 4. Nf3 Nbd7 5. Bf4 Bb4 6. cxd5 exd5 7. e3 Ne4 8.
Qc2 g5 9. Be5 Nxe5 10. Nxe5 c6 11. Bd3 f6 12. Nf3 Qe7 13. Nd2 f5 14. f3 Nxd2 15.
Kxd2 O-O 16. Rae1 Be6 17. Kc1 Rad8 18. h4 g4 19. fxg4 fxg4 20. e4 Qg7 21. exd5
Bxd5 22. Re5 Bd6 23. Rh5 h6 24. Nxd5 cxd5 25. Kb1 Bf4 26. Qb3 Qf7 27. Rf5 Qe6
28. Rxf8+ Rxf8 29. Qxb7 Rf7 30. Qb4 Qe3 31. Bc2 Kg7 32. a3 Rc7 33. Re1 a5 34.
Rxe3 axb4 35. Rd3 bxa3 36. bxa3 Rb7+ 37. Ka2 Re7 38. a4 Re2 39. Kb2 Bc7 40. Rb3
Kf6 41. Rb7 Ba5 42. Rb5 Be1 43. a5 Re6 44. Kb3 Bxh4 45. Rxd5 Be1 46. Bd3 Rc6 47.
Bc4 Rc8 48. Rd6+ Kg5 49. a6 Bf2 50. Rd7 Rb8+ 51. Kc3 Rb1 52. a7 Ra1 53. Bd5 Ra3+
54. Kb4 Rxa7 55. Rxa7 Bxd4 56. Rf7 Kh4 57. Kc4 Bg1 58. Kd3 h5 59. Rf5 Bb6 60.
Bf7 1-0

[Event "25th European Teams"]
[Site "Batumi GEO"]
[Date "2025.10.10"]
[Round "6.18"]
[Board "1"]
[White "Lortkipanidze, Nodar"]
[Black "Saraci, Nderim"]
[Result "0-1"]
[WhiteTitle "IM"]
[BlackTitle "IM"]
[WhiteElo "2371"]
[BlackElo "2445"]
[WhiteTeam "Georgia 4"]
[BlackTeam "Kosovo"]
[WhiteFideId "13604058"]
[BlackFideId "6351921"]
[EventDate "2025.10.05"]

1. e4 c5 2. Nf3 Nc6 3. d4 cxd4 4. Nxd4 e6 5. Nc3 Qc7 6. Ndb5 Qb8 7. Be3 a6 8.
Bb6 axb5 9. Nxb5 Bb4+ 10. c3 Ba5 11. Nd6+ Kf8 12. Bc5 Nce7 13. Qh5 Nh6 14. Rd1
Bc7 15. Bb5 b6 16. Bb4 Bxd6 17. Rxd6 Rxa2 18. O-O Rxb2 19. Rfd1 Rxb4 20. cxb4
Nhg8 21. Bxd7 Nf6 22. Ba4 Nf5 23. Rd8+ Ke7 24. Rxh8 Nxh5 25. exf5 Qc7 26. Rxh7
Nf4 27. Rxg7 Kf6 28. Rg8 exf5 29. Bb5 Qc2 30. Rgd8 Be6 31. R8d4 Ke5 32. R4d2 Qc3
33. g3 Nd5 34. Bf1 Nxb4 35. Bg2 Kf6 36. h4 f4 37. Kh2 f3 38. Bf1 Bb3 39. Rd3
Nxd3 40. Rxd3 Qb2 41. Rxf3+ Kg7 42. Rf5 Be6 43. Rg5+ Kf6 44. Kg1 Qc1 45. Kg2
Bh3+ 0-1

[Event "25th European Teams"]
[Site "Batumi GEO"]
[Date "2025.10.10"]
[Round "6.18"]
[Board "2"]
[White "Uruci, Endrit"]
[Black "Makharadze, Jambul"]
[Result "1/2-1/2"]
[WhiteTitle "FM"]
[WhiteElo "2347"]
[BlackElo "2291"]
[WhiteTeam "Kosovo"]
[BlackTeam "Georgia 4"]
[WhiteFideId "22100199"]
[BlackFideId "13601369"]
[EventDate "2025.10.05"]

1. e4 c5 2. Nf3 d6 3. d4 cxd4 4. Qxd4 Nc6 5. Bb5 Bd7 6. Qd3 Nf6 7. Nc3 h6 8. Bf4
e5 9. Bg3 Be7 10. Bh4 g5 11. Bg3 a6 12. Bc4 b5 13. Bb3 Na5 14. Nd5 Nxb3 15.
Nxf6+ Bxf6 16. axb3 Qc7 17. O-O a5 18. Rfd1 Ke7 19. Nd2 Qc5 20. Nf1 Be6 21. Ne3
a4 22. bxa4 bxa4 23. Ra3 Rhc8 24. c3 Rab8 25. Qd2 Qc6 26. f3 Rb7 27. Qe2 Rcb8
28. Rd2 Rb3 29. Rxb3 Rxb3 30. c4 g4 31. Nd5+ Bxd5 32. exd5 gxf3 33. gxf3 Qc8 34.
f4 Qg8 35. Kf2 Qg6 36. fxe5 Qf5+ 37. Kg2 Bxe5 38. Bxe5 dxe5 39. d6+ Kd7 40. c5
Qg6+ 41. Kf2 e4 42. c6+ Kd8 43. c7+ Kd7 44. Qc4 e3+ 45. Kf1 Qf5+ 46. Kg1 Qb1+
47. Kg2 Qg6+ 48. Kf1 1/2-1/2

[Event "25th European Teams"]
[Site "Batumi GEO"]
[Date "2025.10.10"]
[Round "6.18"]
[Board "3"]
[White "Didmanidze, Tengiz"]
[Black "Asllani, Muhamet"]
[Result "1-0"]
[BlackTitle "CM"]
[WhiteElo "1995"]
[BlackElo "2251"]
[WhiteTeam "Georgia 4"]
[BlackTeam "Kosovo"]
[WhiteFideId "13611410"]
[BlackFideId "22100300"]
[EventDate "2025.10.05"]

1. e4 c5 2. Nf3 e6 3. d4 cxd4 4. Nxd4 a6 5. c4 Nc6 6. Nc3 Bc5 7. Nc2 Qb6 8. Qf3
Nd4 9. Nxd4 Bxd4 10. Be2 Ne7 11. O-O O-O 12. Be3 Bxe3 13. Qxe3 Qxe3 14. fxe3 b6
15. Rad1 Nc6 16. Rd6 Rb8 17. Rfd1 f6 18. b3 Kf7 19. Na4 Ke7 20. c5 b5 21. Nb6
Rd8 22. a3 Ne5 23. b4 Bb7 24. a4 Bc6 25. axb5 axb5 26. R6d2 Rb7 27. Ra2 Rc7 28.
Ra5 Bxe4 29. Bxb5 Rb8 30. Ra2 f5 31. Rad2 Rd8 32. h3 h5 33. Rd4 g5 34. Nc4 Ng6
35. Nb6 Ne5 36. Nc4 Nc6 37. Bxc6 Bxc6 38. Ne5 Bd5 39. g4 hxg4 40. hxg4 Kf6 41.
Nd3 Bf3 42. Rf1 Ba8 43. gxf5 Rh8 44. e4 Ra7 45. Rd6 Ke7 46. Ne5 Rh6 47. Ng6+ Kd8
48. fxe6 Rxg6 49. e7+ Kxe7 50. Rxg6 Bxe4 51. Re1 Kf7 52. Rxg5 Bc6 53. Kf2 Ra2+
54. Re2 Ra4 55. Rf5+ Kg6 56. Rf4 Kg5 57. Rd4 Kf5 58. Ke1 Ra1+ 59. Kf2 Rb1 60.
Re7 Rb2+ 61. Ke1 Kf6 62. Re3 Ba4 63. Re2 Rb1+ 64. Kf2 Bb5 65. Re3 Rb2+ 66. Kg3
Bc6 67. Rf4+ Kg5 68. Re5+ Kg6 69. Rd4 Kf6 70. Rh5 Kg6 71. Rhh4 Kf5 72. Rhf4+ Ke5
73. Kh4 Rh2+ 74. Kg5 Rg2+ 75. Rg4 Re2 76. Rd6 Bf3 77. Rg1 Bc6 78. Kg6 Re4 79.
Rb1 Bb5 80. Kf7 Re2 81. Ke7 Rh2 82. Kd8 Rh8+ 83. Kc7 Rh7 84. Re1+ Kf4 85. Red1
Ke5 86. Rxd7 Rh4 87. Re1+ Kf6 88. Rd6+ Kf5 89. Kb6 Rxb4 90. Ka5 1-0